| 000 | 00796nam a2200217 4500 | ||
|---|---|---|---|
| 001 | 145495 | ||
| 003 | ES-MaACL | ||
| 005 | 20230906201238.0 | ||
| 007 | t| | ||
| 008 | 070214s1976 mx r ||||1| spa d | ||
| 100 | 1 |
_aSpiegel, Murray R. _9107717 |
|
| 245 | 1 | 0 |
_aTeoría y problemas de análisis vectorial y una introducción al análisis tensorial / _cMurray R. Spiegel ; traducción y adaptación de Luis Gutiérrez Díez, Angel Gutiérrez Vázquez. |
| 260 |
_aMéxico : _bMc Graw-Hill, _c1976. |
||
| 300 |
_a222 p. : _bil. ; _c27 cm. |
||
| 490 | 1 | _aSerie de compendios Schaum | |
| 700 | 1 |
_aGutiérrez Díez, Luis. _961140 |
|
| 700 | 1 |
_aGutiérrez Vázquez, Angel. _961233 |
|
| 830 | 0 |
_aSerie de compendios Schaum _9181142 |
|
| 852 |
_aES-MaACL _jL-2091 _bR.102689 |
||
| 999 |
_c145495 _d145495 |
||